[Event "ENCI Limburg-open A"]
[Site "Maastricht"]
[Date "2007.05.27"]
[Round "4"]
[White "Van Gool, Henk"]
[Black "Spronkmans, Stefan"]
[Result "1-0"]
[WhiteElo "2183"]
[BlackElo "1965"]
[PlyCount "111"]
[EventDate "2007.05.25"]
[EventType "swiss"]
[EventRounds "7"]
[EventCountry "NED"]
[Source "P.Boonen"]
[SourceDate "2010.01.01"]

1. e4 c6 2. d4 d5 3. exd5 cxd5 4. Nf3 Nf6 5. c3 g6 6. Nbd2 Bg7 7. Be2 O-O 8.
Ne5 Nfd7 9. f4 Nxe5 10. fxe5 f6 11. exf6 exf6 12. O-O Be6 13. a4 Nc6 14. Nb3
Bf7 15. Bd3 Na5 16. Nxa5 Qxa5 17. Qb3 Qc7 18. Bf4 Qd7 19. Rae1 a6 20. Ra1 Rfe8
21. Bd2 Re7 22. a5 Rae8 23. Qa4 Qxa4 24. Rxa4 h6 25. Rb4 f5 26. Rb6 h5 27. Kf2
Rd7 28. Re1 Kf8 29. Bc2 Rxe1 30. Kxe1 Be8 31. Kf2 Rc7 32. Bd3 Bc6 33. Bf4 Rc8
34. Bg5 Kf7 35. b4 Ra8 36. Kf3 Bf8 37. g3 Bd6 38. Bf4 Be7 39. b5 axb5 40. Bxb5
Rxa5 41. Bxc6 bxc6 42. Rxc6 Ra2 43. h4 Rc2 44. Ke3 Rc1 45. Kd2 Ra1 46. Kc2 Ra5
47. Bc7 Rb5 48. Ra6 Rb7 49. Be5 Rb5 50. Ra7 Ke6 51. Ra8 Kf7 52. Rh8 Bf8 53.
Rh7+ Ke6 54. Rh8 Kf7 55. c4 dxc4 56. Kc3 1-0

[Event "ENCI Limburg-open A"]
[Site "Maastricht"]
[Date "2007.05.27"]
[Round "4"]
[White "Van Weersel, Arlette"]
[Black "Winkelmann, Elena"]
[Result "1/2-1/2"]
[WhiteElo "2156"]
[BlackElo "2114"]
[PlyCount "158"]
[EventDate "2007.05.25"]
[EventType "swiss"]
[EventRounds "7"]
[EventCountry "NED"]
[Source "P.Boonen"]
[SourceDate "2010.01.01"]

1. e4 c5 2. c4 Nc6 3. Ne2 Nf6 4. Nbc3 e6 5. d4 d5 6. cxd5 exd5 7. Bg5 dxe4 8.
d5 Nb4 9. Ng3 Be7 10. Bb5+ Kf8 11. O-O Bg4 12. Be2 Bxe2 13. Qxe2 Nfxd5 14. Nxd5
Nxd5 15. Rad1 Bxg5 16. Qxe4 Qe7 17. Rxd5 Bf6 18. Rfd1 g6 19. Qf3 Bd4 20. Ne2
Re8 21. Kf1 Kg7 22. Nxd4 cxd4 23. R5xd4 Rd8 24. Qd3 Rxd4 25. Qxd4+ Qf6 26.
Qxf6+ Kxf6 27. Rd7 Rb8 28. Ke2 Ke6 29. Rc7 h5 30. h4 f6 31. Ke3 a6 32. Ke4 g5
33. hxg5 fxg5 34. Rh7 Rf8 35. Ke3 Kf5 36. Rxh5 Re8+ 37. Kf3 Kg6 38. Rh1 Rc8 39.
Re1 Kf6 40. Re2 b5 41. Rd2 Rc6 42. g3 b4 43. Kg4 Kg6 44. f4 gxf4 45. gxf4 a5
46. b3 a4 47. bxa4 Ra6 48. Rd4 Rxa4 49. Rd6+ Kf7 50. Rb6 Rxa2 51. Rxb4 Ra5 52.
Rb7+ Kf6 53. Rb6+ Kf7 54. Rc6 Rb5 55. Ra6 Rc5 56. Kf3 Rb5 57. Ra4 Kf6 58. Ke4
Rb6 59. Kf3 Rb3+ 60. Kg4 Rb6 61. Ra5 Rc6 62. Rh5 Kg6 63. f5+ Kf7 64. Rh7+ Kf8
65. Kg5 Ra6 66. Rb7 Rc6 67. Rb5 Kf7 68. Rb7+ Kf8 69. Kf4 Ra6 70. Rc7 Ra4+ 71.
Ke5 Ra5+ 72. Kf6 Ra6+ 73. Kg5 Rb6 74. f6 Rb1 75. Rc5 Rg1+ 76. Kf5 Rf1+ 77. Ke6
Re1+ 78. Re5 Rxe5+ 79. Kxe5 Kf7 1/2-1/2

[Event "ENCI Limburg-open A"]
[Site "Maastricht"]
[Date "2007.05.27"]
[Round "4"]
[White "Van den Bersselaar, Jeroen"]
[Black "Van der Zwet, Bart"]
[Result "0-1"]
[WhiteElo "2189"]
[BlackElo "2000"]
[PlyCount "80"]
[EventDate "2007.05.25"]
[EventType "swiss"]
[EventRounds "7"]
[EventCountry "NED"]
[Source "P.Boonen"]
[SourceDate "2010.01.01"]

1. d4 e6 2. a3 Nf6 3. Nf3 b6 4. Bf4 Bb7 5. e3 Be7 6. Bd3 d6 7. h3 Nh5 8. Bh2 f5
9. Nc3 Nf6 10. Ne2 Nbd7 11. Nf4 Nf8 12. Bb5+ c6 13. Ba4 Qd7 14. Bb3 h6 15. Qe2
g5 16. Nd3 a5 17. Nd2 c5 18. Rg1 h5 19. dxc5 bxc5 20. Nc4 a4 21. Ba2 Qc6 22.
O-O-O Ba6 23. Qe1 N6d7 24. Qc3 Rh7 25. Ne1 Bxc4 26. Qxc4 d5 27. Qe2 Bf6 28. c4
Nb6 29. cxd5 Nxd5 30. e4 fxe4 31. Qxe4 c4 32. Be5 Bxe5 33. Qxe5 Rc8 34. Nf3 Nf4
35. Qxg5 Ne2+ 36. Kb1 c3 37. Ne5 Qe4+ 38. Nd3 c2+ 39. Ka1 Nxg1 40. Rxg1 Qxd3
0-1

[Event "ENCI Limburg-open A"]
[Site "Maastricht"]
[Date "2007.05.27"]
[Round "4"]
[White "Vandevoort, Pascal"]
[Black "Ringoir, Tanguy"]
[Result "1-0"]
[WhiteElo "2385"]
[BlackElo "2199"]
[PlyCount "83"]
[EventDate "2007.05.25"]
[EventType "swiss"]
[EventRounds "7"]
[EventCountry "NED"]
[Source "P.Boonen"]
[SourceDate "2010.01.01"]

1. d4 Nf6 2. c4 c5 3. d5 e6 4. Nc3 exd5 5. cxd5 d6 6. Nf3 g6 7. Bg5 a6 8. a4
Bg7 9. Nd2 h6 10. Bh4 O-O 11. e4 Re8 12. Be2 Nbd7 13. O-O g5 14. Bg3 Ne5 15.
Rb1 Qc7 16. Re1 Bd7 17. Bxe5 Rxe5 18. Nc4 Nxe4 19. Nxe5 Nxc3 20. bxc3 Bxe5 21.
Bh5 Rb8 22. c4 Qa5 23. h4 Qxa4 24. Qf3 f5 25. hxg5 Qxc4 26. gxh6 Qh4 27. Rxe5
dxe5 28. Rb6 Qf4 29. Qc3 Kh8 30. Rd6 Be8 31. Bxe8 Rxe8 32. Re6 Rg8 33. Rxe5 Kh7
34. Re7+ Kxh6 35. Qf6+ Rg6 36. Qh8+ Kg5 37. Re3 Qd6 38. Rg3+ Kf4 39. Qc3 Ke4
40. Qc4+ Ke5 41. Re3+ Kf6 42. Re6+ 1-0

[Event "ENCI Limburg-open A"]
[Site "Maastricht"]
[Date "2007.05.27"]
[Round "4"]
[White "Vrendenborg, Carel"]
[Black "In 't Veld, Daan"]
[Result "0-1"]
[WhiteElo "2023"]
[BlackElo "2204"]
[PlyCount "88"]
[EventDate "2007.05.25"]
[EventType "swiss"]
[EventRounds "7"]
[EventCountry "NED"]
[Source "P.Boonen"]
[SourceDate "2010.01.01"]

1. e4 c5 2. Nf3 e6 3. d4 cxd4 4. Nxd4 a6 5. Bd3 Bc5 6. Nb3 Be7 7. O-O Qc7 8.
Be3 Nf6 9. Qe2 O-O 10. N1d2 Nc6 11. f4 d6 12. a4 b6 13. Nc4 Rb8 14. Kh1 e5 15.
fxe5 dxe5 16. Bg5 Ng4 17. Bxe7 Qxe7 18. Ne3 Nxe3 19. Qxe3 Nb4 20. a5 Rd8 21.
Bc4 Be6 22. Bxe6 Qxe6 23. Qc3 bxa5 24. Rxa5 Nxc2 25. Nc5 Qf6 26. Rc1 Nb4 27. h3
Qb6 28. Rca1 Rbc8 29. Nd7 Qd6 30. Rc5 Rxc5 31. Nxc5 Rc8 32. Qxb4 Rxc5 33. Qb7
h6 34. Qxa6 Qxa6 35. Rxa6 Rb5 36. Ra8+ Kh7 37. Re8 f6 38. Kh2 Rxb2 39. Kg3 Rb3+
40. Kf2 Rb4 41. Kf3 Rb3+ 42. Kf2 Rb7 43. h4 Kg6 44. Kf3 Kh5 0-1

[Event "ENCI Limburg-open A"]
[Site "Maastricht"]
[Date "2007.05.27"]
[Round "4"]
[White "Wemmers, Xander"]
[Black "Dambacher, Martijn"]
[Result "1/2-1/2"]
[WhiteElo "2415"]
[BlackElo "2466"]
[PlyCount "88"]
[EventDate "2007.05.25"]
[EventType "swiss"]
[EventRounds "7"]
[EventCountry "NED"]
[Source "P.Boonen"]
[SourceDate "2010.01.01"]

1. e4 e6 2. d4 d5 3. Nc3 dxe4 4. Nxe4 Nd7 5. Nf3 Ngf6 6. Nxf6+ Nxf6 7. Bg5 h6
8. Bh4 c5 9. Bb5+ Bd7 10. Bxd7+ Qxd7 11. Qe2 Be7 12. O-O O-O 13. dxc5 Bxc5 14.
Rfd1 Qc7 15. Bxf6 gxf6 16. Rd3 Rfd8 17. Rad1 Rxd3 18. Rxd3 Rd8 19. Rxd8+ Qxd8
20. Qd2 Qxd2 21. Nxd2 f5 22. Kf1 Kg7 23. Ke2 Bd6 24. h3 Kf6 25. Nc4 Bc7 26. a4
f4 27. b4 e5 28. Nd2 Ke6 29. g4 fxg3 30. fxg3 f5 31. g4 e4 32. c4 Bd8 33. b5
fxg4 34. hxg4 Ke5 35. Nb3 b6 36. c5 bxc5 37. Nxc5 Kd5 38. Nb7 Bc7 39. a5 Kc4
40. b6 axb6 41. a6 Bb8 42. Nd6+ Kc5 43. g5 hxg5 44. Nxe4+ Kb5 1/2-1/2

[Event "ENCI Limburg-open A"]
[Site "Maastricht"]
[Date "2007.05.27"]
[Round "4"]
[White "Wilschut, Peter"]
[Black "Burg, Brent"]
[Result "1-0"]
[WhiteElo "2202"]
[BlackElo "1972"]
[PlyCount "122"]
[EventDate "2007.05.25"]
[EventType "swiss"]
[EventRounds "7"]
[EventCountry "NED"]
[Source "P.Boonen"]
[SourceDate "2010.01.01"]

1. c4 d6 2. Nc3 c6 3. g3 g6 4. Bg2 Bg7 5. d3 e5 6. e4 f5 7. Nge2 Nf6 8. O-O O-O
9. exf5 gxf5 10. d4 Qe8 11. c5 exd4 12. Nxd4 dxc5 13. Nde2 Na6 14. Nf4 Qf7 15.
Re1 Kh8 16. h3 c4 17. Be3 Bd7 18. Qa4 Nc7 19. Qb4 b5 20. Rad1 Rfd8 21. Qa5 Be8
22. Bc5 Nfd5 23. Ncxd5 Nxd5 24. Bxd5 cxd5 25. Re7 Qg8 26. Ne6 Rd7 27. Rxd7 Bxd7
28. Nxg7 Kxg7 29. Bd4+ Kg6 30. Qc7 Qe6 31. Bc3 Re8 32. Qxa7 Qc6 33. Qd4 Re7 34.
h4 Qe6 35. Kh2 Qf7 36. Qf4 h6 37. Qd6+ Qe6 38. Qb8 Re8 39. Qf4 Qe4 40. Qd6+ Qe6
41. Qf4 Qe4 42. Qxe4 Rxe4 43. Rxd5 Re7 44. Rd6+ Kh7 45. Bf6 Rf7 46. Be5 h5 47.
Bf4 Kg8 48. Kg1 Re7 49. Kf1 Be8 50. Rd5 Bd7 51. Bg5 Rf7 52. Ke2 Kf8 53. Ke3 Kg8
54. a3 Kf8 55. Kf4 Kg8 56. Rd6 Rh7 57. Bf6 Rf7 58. Kg5 Rh7 59. Bc3 Kf8 60. Kg6
Kg8 61. Bf6 f4 1-0

[Event "ENCI Limburg-open A"]
[Site "Maastricht"]
[Date "2007.05.27"]
[Round "4"]
[White "Zilverberg, Jasper"]
[Black "Butkiewicz, Lukasz"]
[Result "0-1"]
[WhiteElo "2013"]
[BlackElo "2252"]
[PlyCount "78"]
[EventDate "2007.05.25"]
[EventType "swiss"]
[EventRounds "7"]
[EventCountry "NED"]
[Source "P.Boonen"]
[SourceDate "2010.01.01"]

1. c4 f5 2. g3 Nf6 3. Bg2 e6 4. d3 d5 5. b3 Be7 6. Nf3 d4 7. O-O O-O 8. e3 dxe3
9. fxe3 c5 10. Bb2 Nc6 11. Nc3 e5 12. Qe2 Bd6 13. Nd5 Qe8 14. Rae1 Bd7 15. Bc3
Qh5 16. Nxf6+ Rxf6 17. d4 cxd4 18. exd4 exd4 19. Nxd4 Qxe2 20. Rxe2 Bc5 21.
Bxc6 Bxc6 22. b4 Bxd4+ 23. Bxd4 Rf7 24. b5 Be4 25. Rd2 a6 26. Kf2 Rc7 27. bxa6
Rxa6 28. c5 Ra3 29. Rfd1 Re7 30. Rc1 Re6 31. Rc3 Ra4 32. a3 g5 33. Be3 f4 34.
gxf4 gxf4 35. Bxf4 Rf6 36. Kg3 Bc6 37. Be5 Rg6+ 38. Kf2 Rg2+ 39. Ke3 Re4+ 0-1

[Event "ENCI Limburg-open A"]
[Site "Maastricht"]
[Date "2007.05.27"]
[Round "5"]
[White "Akstinat, Sven Holger"]
[Black "Scholzen, Wolfgang"]
[Result "1/2-1/2"]
[WhiteElo "2182"]
[BlackElo "2001"]
[PlyCount "44"]
[EventDate "2007.05.25"]
[EventType "swiss"]
[EventRounds "7"]
[EventCountry "NED"]
[Source "P.Boonen"]
[SourceDate "2010.01.01"]

1. e4 e5 2. Nf3 Nc6 3. Bb5 a6 4. Ba4 Nf6 5. d4 b5 6. Bb3 Nxe4 7. dxe5 Nc5 8.
O-O Nxb3 9. axb3 Be7 10. Nc3 Bb7 11. Nd5 O-O 12. Bf4 Nb4 13. c4 Nxd5 14. cxd5
d6 15. Qd4 dxe5 16. Bxe5 f6 17. Bg3 Qxd5 18. Bxc7 Bc5 19. Qxd5+ Bxd5 20. Rfc1
Bb4 21. Nd4 Rfc8 22. Kf1 Be4 1/2-1/2

[Event "ENCI Limburg-open A"]
[Site "Maastricht"]
[Date "2007.05.27"]
[Round "5"]
[White "Arnelind, Mikael"]
[Black "Schaeken, Yordi"]
[Result "1-0"]
[WhiteElo "2155"]
[BlackElo "1876"]
[PlyCount "125"]
[EventDate "2007.05.25"]
[EventType "swiss"]
[EventRounds "7"]
[EventCountry "NED"]
[Source "P.Boonen"]
[SourceDate "2010.01.01"]

1. d4 c5 2. d5 e6 3. c4 Nf6 4. Nc3 exd5 5. cxd5 d6 6. e4 g6 7. f4 Bg7 8. Bb5+
Bd7 9. e5 dxe5 10. fxe5 Nh5 11. Nf3 O-O 12. O-O Re8 13. Re1 a6 14. Bf1 Bg4 15.
Be3 Nd7 16. e6 fxe6 17. dxe6 Bxe6 18. Ng5 Kh8 19. Nce4 h6 20. Nxe6 Rxe6 21. Bf2
Qe7 22. Qc2 b6 23. Bc4 Re5 24. Rad1 Re8 25. Nd6 Rf8 26. Qxg6 Rxe1+ 27. Rxe1 Ne5
28. Nf5 Nxg6 29. Nxe7 Nxe7 30. Rxe7 b5 31. Bf7 Nf4 32. Bxc5 Nd3 33. Be3 Nxb2
34. g3 Nd3 35. Kg2 a5 36. Rb7 b4 37. Bb3 Nb2 38. Ra7 Re8 39. Kf3 Rf8+ 40. Kg2
Re8 41. Bb6 Re2+ 42. Kh3 Nd3 43. Bc4 Nf2+ 44. Kg2 Nd3+ 45. Kf1 Re1+ 46. Kg2
Re2+ 47. Kf3 Rd2 48. Ke3 Nb2 49. Ra8+ Bf8 50. Kxd2 Nxc4+ 51. Kd3 Nxb6 52. Rxf8+
Kg7 53. Rf5 a4 54. Rb5 b3 55. axb3 Nc8 56. bxa4 Nd6 57. Rd5 Ne8 58. a5 Kf7 59.
a6 Ke7 60. a7 Nc7 61. Ra5 Na8 62. Ke4 Kd7 63. Kf5 1-0

[Event "ENCI Limburg-open A"]
[Site "Maastricht"]
[Date "2007.05.27"]
[Round "5"]
[White "Berg, Emanuel"]
[Black "Vandevoort, Pascal"]
[Result "1-0"]
[WhiteElo "2574"]
[BlackElo "2385"]
[PlyCount "37"]
[EventDate "2007.05.25"]
[EventType "swiss"]
[EventRounds "7"]
[EventCountry "NED"]
[Source "P.Boonen"]
[SourceDate "2010.01.01"]

1. e4 e5 2. Nf3 Nc6 3. Bb5 a6 4. Ba4 d6 5. c3 f5 6. exf5 Bxf5 7. O-O Bd3 8. Re1
Be7 9. Bc2 Bxc2 10. Qxc2 g5 11. d4 g4 12. Nfd2 Nf6 13. Ne4 Qd7 14. Nxf6+ Bxf6
15. Nd2 O-O-O 16. Ne4 Rdf8 17. d5 Ne7 18. Bh6 Rf7 19. Nxf6 1-0

[Event "ENCI Limburg-open A"]
[Site "Maastricht"]
[Date "2007.05.27"]
[Round "5"]
[White "Blijlevens, Pim"]
[Black "Vrendenborg, Carel"]
[Result "1/2-1/2"]
[WhiteElo "1913"]
[BlackElo "2023"]
[PlyCount "60"]
[EventDate "2007.05.25"]
[EventType "swiss"]
[EventRounds "7"]
[EventCountry "NED"]
[Source "P.Boonen"]
[SourceDate "2010.01.01"]

1. d4 Nf6 2. c4 c5 3. d5 b5 4. cxb5 e6 5. Nc3 exd5 6. Nxd5 Bb7 7. Bg5 Bxd5 8.
Bxf6 Qxf6 9. Qxd5 Qxb2 10. Rd1 c4 11. f4 Bb4+ 12. Kf2 O-O 13. Qxc4 a6 14. b6 d6
15. Nf3 Nd7 16. b7 Rab8 17. Kg3 d5 18. Qb3 Qxb3 19. axb3 Nf6 20. Nd4 Bc5 21. e3
Bxd4 22. Rxd4 Rxb7 23. Bxa6 Rxb3 24. Kf3 h5 25. Bd3 g6 26. h3 h4 27. Bb1 Ra8
28. Rhd1 Raa3 29. R4d3 Rxd3 30. Rxd3 Rxd3 1/2-1/2

[Event "ENCI Limburg-open A"]
[Site "Maastricht"]
[Date "2007.05.27"]
[Round "5"]
[White "Braeken, Barry"]
[Black "Peric, Mijo"]
[Result "1/2-1/2"]
[WhiteElo "1941"]
[BlackElo "2006"]
[PlyCount "84"]
[EventDate "2007.05.25"]
[EventType "swiss"]
[EventRounds "7"]
[EventCountry "NED"]
[Source "P.Boonen"]
[SourceDate "2010.01.01"]

1. e4 e5 2. Nf3 Nf6 3. Nxe5 d6 4. Nxf7 Kxf7 5. d4 Bg4 6. Qd3 Nc6 7. Nc3 Be7 8.
d5 Ne5 9. Qd4 c5 10. dxc6 bxc6 11. f4 c5 12. Qf2 Nc6 13. f5 Ne5 14. h3 Bh5 15.
g4 Nd5 16. f6 Nxf6 17. gxh5 Rf8 18. Be3 Kg8 19. Qg2 Nxh5 20. O-O-O Rf3 21. Nd5
Bh4 22. Be2 Rg3 23. Qf1 Nf6 24. Nxf6+ Bxf6 25. Bf2 Rg6 26. Bxc5 Bg5+ 27. Kb1
Qc7 28. Bd4 Rc8 29. c3 Rf6 30. Qg2 Bh6 31. Bxe5 dxe5 32. Bg4 Rcf8 33. Rhf1 Rxf1
34. Rxf1 Rd8 35. Be6+ Kh8 36. Bd5 Bf4 37. Qg4 Rb8 38. Qe2 Qxc3 39. Qc2 Rxb2+
40. Qxb2 Qd3+ 41. Qc2 Qxf1+ 42. Kb2 Qb5+ 1/2-1/2

[Event "ENCI Limburg-open A"]
[Site "Maastricht"]
[Date "2007.05.27"]
[Round "5"]
[White "Burg, Brent"]
[Black "Seip, Rien"]
[Result "1-0"]
[WhiteElo "1972"]
[BlackElo "2093"]
[PlyCount "75"]
[EventDate "2007.05.25"]
[EventType "swiss"]
[EventRounds "7"]
[EventCountry "NED"]
[Source "P.Boonen"]
[SourceDate "2010.01.01"]

1. e4 e6 2. d3 d5 3. Nd2 Nf6 4. Ngf3 Bc5 5. e5 Nfd7 6. d4 Be7 7. Bd3 c5 8. c3
Nc6 9. Nf1 cxd4 10. cxd4 Qb6 11. Qa4 O-O 12. Bd2 f6 13. exf6 Nxf6 14. Bc3 Bd7
15. Qd1 e5 16. dxe5 Ng4 17. Ne3 d4 18. Nd5 Qc5 19. Nxe7+ Qxe7 20. Bc4+ Kh8 21.
Bxd4 Qb4+ 22. Bc3 Qxc4 23. Qxd7 Qe4+ 24. Kf1 Rad8 25. Qxb7 Qc2 26. Be1 Rb8 27.
Qd7 Qxb2 28. Qxc6 Qxa1 29. Qe4 h5 30. h3 Nh6 31. Ng5 Nf5 32. Kg1 Rb1 33. Kh2 g6
34. e6 Ne7 35. Qxb1 Qe5+ 36. g3 Qxg5 37. Qb4 Nf5 38. Qxf8+ 1-0

[Event "ENCI Limburg-open A"]
[Site "Maastricht"]
[Date "2007.05.27"]
[Round "5"]
[White "Bus, Tom"]
[Black "Laarhoven, Thijs"]
[Result "1/2-1/2"]
[WhiteElo "2230"]
[BlackElo "2107"]
[PlyCount "41"]
[EventDate "2007.05.25"]
[EventType "swiss"]
[EventRounds "7"]
[EventCountry "NED"]
[Source "P.Boonen"]
[SourceDate "2010.01.01"]

1. c4 g6 2. g3 Bg7 3. Bg2 Nf6 4. Nc3 O-O 5. d3 d6 6. Rb1 a5 7. e4 e5 8. Nge2
Nc6 9. O-O Nd7 10. Nd5 Nc5 11. Be3 Nd4 12. Nxd4 exd4 13. Bc1 f5 14. b3 fxe4 15.
dxe4 Ne6 16. Nf4 Nxf4 17. Bxf4 g5 18. Bc1 g4 19. Qd3 c5 20. Bd2 Qe7 21. Rbe1
1/2-1/2

[Event "ENCI Limburg-open A"]
[Site "Maastricht"]
[Date "2007.05.27"]
[Round "5"]
[White "Butkiewicz, Lukasz"]
[Black "L'Ami, Erwin"]
[Result "1-0"]
[WhiteElo "2252"]
[BlackElo "2617"]
[PlyCount "79"]
[EventDate "2007.05.25"]
[EventType "swiss"]
[EventRounds "7"]
[EventCountry "NED"]
[Source "P.Boonen"]
[SourceDate "2010.01.01"]

1. e4 c5 2. Nf3 d6 3. d4 cxd4 4. Nxd4 Nf6 5. Nc3 a6 6. Be2 e5 7. Nb3 Be7 8. O-O
O-O 9. a4 Be6 10. f4 exf4 11. Bxf4 Nc6 12. Kh1 Rc8 13. Nd4 Nxd4 14. Qxd4 d5 15.
e5 Ne8 16. Rad1 Nc7 17. Bf3 Qd7 18. Rd2 Rfd8 19. Rfd1 b5 20. axb5 Nxb5 21. Nxb5
Qxb5 22. Be2 Qb7 23. c3 a5 24. Be3 Rd7 25. Qa4 d4 26. Bf3 Qb8 27. Bxd4 Bg5 28.
Rf2 Rcd8 29. Rdf1 Rxd4 30. cxd4 Be3 31. d5 Bxf2 32. dxe6 Qxe5 33. exf7+ Kf8 34.
Qc2 Bd4 35. Qxh7 Kxf7 36. Qh4 g5 37. Qh7+ Ke6 38. Bg4+ Kd6 39. Qg6+ Kc7 40. Qa6
1-0

[Event "ENCI Limburg-open A"]
[Site "Maastricht"]
[Date "2007.05.27"]
[Round "5"]
[White "Caessens, Rob"]
[Black "Roggeveen, Pieter"]
[Result "1/2-1/2"]
[WhiteElo "2221"]
[BlackElo "2073"]
[PlyCount "32"]
[EventDate "2007.05.25"]
[EventType "swiss"]
[EventRounds "7"]
[EventCountry "NED"]
[Source "P.Boonen"]
[SourceDate "2010.01.01"]

1. d4 e6 2. c4 d5 3. Nf3 c6 4. Qc2 Nf6 5. g3 dxc4 6. Qxc4 b5 7. Qc2 Bb7 8. Bg2
Nbd7 9. O-O c5 10. Nc3 a6 11. Bg5 Qb6 12. Bxf6 Nxf6 13. e3 cxd4 14. Nxd4 Bxg2
15. Kxg2 Rc8 16. Qb3 Bc5 1/2-1/2

[Event "ENCI Limburg-open A"]
[Site "Maastricht"]
[Date "2007.05.27"]
[Round "5"]
[White "Costello, Colin"]
[Black "Telke, Holger"]
[Result "1/2-1/2"]
[WhiteElo "2004"]
[BlackElo "2163"]
[PlyCount "153"]
[EventDate "2007.05.25"]
[EventType "swiss"]
[EventRounds "7"]
[EventCountry "NED"]
[Source "P.Boonen"]
[SourceDate "2010.01.01"]

1. c4 e5 2. Nc3 Nf6 3. g3 d5 4. cxd5 Nxd5 5. Bg2 Nb6 6. Nf3 Nc6 7. O-O Be7 8.
a3 f5 9. d3 O-O 10. b4 Bf6 11. Bb2 Be6 12. Nd2 Qd7 13. Nb3 Be7 14. Nc5 Bxc5 15.
bxc5 Nd5 16. Nxd5 Bxd5 17. e4 Be6 18. exf5 Bd5 19. Be4 Rad8 20. Qf3 Qf7 21.
Rfe1 g6 22. f6 Qe6 23. Bxd5 Rxd5 24. Qe4 Rxf6 25. Rac1 Rd8 26. f4 Qd5 27. Bxe5
Nxe5 28. fxe5 Re6 29. Qxd5 Rxd5 30. Rb1 b6 31. cxb6 cxb6 32. Rbc1 Rdxe5 33.
Rc8+ Kf7 34. Rf1+ Rf6 35. Rfc1 Rd6 36. R1c7+ Kf6 37. Rxa7 Re2 38. Rf8+ Kg5 39.
Rf2 Rxf2 40. Kxf2 Rxd3 41. Rxh7 Rxa3 42. Rb7 Rb3 43. h3 Rb5 44. Kf3 Rf5+ 45.
Ke4 Rb5 46. Kf3 Rb3+ 47. Kf2 b5 48. Rb6 b4 49. h4+ Kf5 50. Rb5+ Ke4 51. g4 Kf4
52. h5 Rb2+ 53. Ke1 g5 54. h6 b3 55. h7 Rh2 56. Rb4+ Kf3 57. Rxb3+ Kxg4 58.
Rb4+ Kf5 59. Kf1 Rxh7 60. Kg2 Re7 61. Rb8 Re4 62. Kg3 Re3+ 63. Kf2 Ra3 64. Kg2
Kg4 65. Rb4+ Kh5 66. Rb5 Kh4 67. Rb8 Ra2+ 68. Kg1 g4 69. Rb1 Kh3 70. Rb3+ Kh4
71. Rb8 Rd2 72. Rb4 Rd3 73. Kg2 Rg3+ 74. Kh2 Re3 75. Rb2 g3+ 76. Kg2 Kg4 77.
Ra2 1/2-1/2

[Event "ENCI Limburg-open A"]
[Site "Maastricht"]
[Date "2007.05.27"]
[Round "5"]
[White "Dam, Hans"]
[Black "Klein, Gernot"]
[Result "1-0"]
[WhiteElo "2066"]
[BlackElo "1988"]
[PlyCount "95"]
[EventDate "2007.05.25"]
[EventType "swiss"]
[EventRounds "7"]
[EventCountry "NED"]
[Source "P.Boonen"]
[SourceDate "2010.01.01"]

1. d4 d5 2. Nf3 c6 3. c4 e6 4. e3 Bd6 5. Nbd2 f5 6. Bd3 Nf6 7. b3 O-O 8. Bb2
Nbd7 9. Qc2 Ne4 10. h3 b6 11. g4 Bb7 12. Rg1 a5 13. a3 Rc8 14. gxf5 exf5 15.
Rg2 Be7 16. O-O-O Bf6 17. Ne5 c5 18. f3 Nd6 19. Kb1 cxd4 20. exd4 dxc4 21. bxc4
Kh8 22. a4 Nb8 23. Bxf5 Bxe5 24. Bxc8 Bxc8 25. dxe5 Nf5 26. Qc3 Be6 27. Rdg1
Na6 28. Ne4 Nc5 29. Nxc5 bxc5 30. Rd2 Qh4 31. Rd6 Nd4 32. Rxd4 cxd4 33. Qxd4
Qxd4 34. Bxd4 Bxc4 35. e6 Bd3+ 36. Kb2 Bg6 37. e7 Rb8+ 38. Kc3 Kg8 39. Bc5 Be8
40. Rg4 Rb1 41. Rf4 h5 42. Rf8+ Kh7 43. Rxe8 Rc1+ 44. Kd4 Rd1+ 45. Ke5 Re1+ 46.
Kd6 Rd1+ 47. Kc6 Re1 48. Rf8 1-0

[Event "ENCI Limburg-open A"]
[Site "Maastricht"]
[Date "2007.05.27"]
[Round "5"]
[White "Dambacher, Martijn"]
[Black "Kritz, Leonid"]
[Result "0-1"]
[WhiteElo "2466"]
[BlackElo "2593"]
[PlyCount "162"]
[EventDate "2007.05.25"]
[EventType "swiss"]
[EventRounds "7"]
[EventCountry "NED"]
[Source "P.Boonen"]
[SourceDate "2010.01.01"]

1. d4 d5 2. c4 c6 3. Nc3 Nf6 4. e3 a6 5. Nf3 b5 6. b3 Bg4 7. Be2 e6 8. h3 Bh5
9. O-O Nbd7 10. Bb2 Bd6 11. Ne5 Bxe2 12. Nxe2 bxc4 13. bxc4 O-O 14. Qc2 Qc7 15.
Nd3 Ne4 16. Rfc1 Rfc8 17. c5 Be7 18. f3 Ng3 19. Nxg3 Qxg3 20. Bc3 Qc7 21. Rab1
e5 22. dxe5 Nxc5 23. Nxc5 Bxc5 24. Bd4 Ba3 25. Rd1 Bf8 26. Rb3 c5 27. Rc3 Qa5
28. Rc1 c4 29. Qf5 Rc6 30. e4 Ba3 31. Qd7 Rc7 32. Qxd5 Qxd5 33. exd5 Bxc1 34.
Rxc1 Rac8 35. Bc3 Rd7 36. Rd1 Rcd8 37. d6 f6 38. f4 Kf7 39. Kf2 fxe5 40. fxe5
Ke6 41. Rb1 Kd5 42. Ke3 Rf8 43. Rd1+ Ke6 44. Rb1 Kd5 45. Rd1+ Ke6 46. Rb1 Rdf7
47. Rb4 Rf2 48. Rxc4 Rxg2 49. Rc7 Rgf2 50. d7 R2f3+ 51. Ke2 Rf2+ 52. Ke3 R2f3+
53. Ke2 R3f7 54. Rc6+ Kxd7 55. Rxa6 Rf2+ 56. Ke1 R2f3 57. e6+ Kc7 58. Kd2 Rd8+
59. Kc2 Kb7 60. Ra4 Rc8 61. Rb4+ Ka6 62. Ra4+ Kb5 63. Rb4+ Kc5 64. Kb2 Rxh3 65.
Rb7 Kd5 66. Bxg7 Kxe6 67. a4 Ra8 68. Rb4 h5 69. Bc3 Kd5 70. Rd4+ Kc5 71. Rf4
Rb8+ 72. Kc2 Rc8 73. Kd2 Rg8 74. Rf5+ Kc4 75. Rf4+ Kb3 76. Bd4 Rg4 77. Be3 Rxf4
78. Bxf4 Rf3 79. Bc7 h4 80. Ke2 Rf7 81. Bd6 Kxa4 0-1

[Event "ENCI Limburg-open A"]
[Site "Maastricht"]
[Date "2007.05.27"]
[Round "5"]
[White "Dek, Lennart"]
[Black "Willemze, Thomas"]
[Result "1/2-1/2"]
[WhiteElo "2196"]
[BlackElo "2398"]
[PlyCount "68"]
[EventDate "2007.05.25"]
[EventType "swiss"]
[EventRounds "7"]
[EventCountry "NED"]
[Source "P.Boonen"]
[SourceDate "2010.01.01"]

1. e4 c6 2. d4 d5 3. exd5 cxd5 4. Bd3 Nc6 5. c3 Qc7 6. h3 g6 7. Ne2 Bf5 8. Bxf5
gxf5 9. Bf4 Qd7 10. Nd2 e6 11. O-O Bd6 12. Nf3 Nge7 13. Qd2 Ng6 14. Bg5 Be7 15.
Rfe1 f6 16. Bh6 O-O-O 17. Nf4 Nxf4 18. Bxf4 Bd6 19. Re2 Rde8 20. Rae1 Nd8 21.
b3 Qc7 22. Bxd6 Qxd6 23. c4 Re7 24. c5 Qc7 25. b4 Rg7 26. Rb1 Rhg8 27. Ne1 Qf7
28. Rb3 Qh5 29. Kf1 Nf7 30. f4 Nd8 31. b5 Rg3 32. Ree3 Rxe3 33. Rxe3 Qh6 34.
Ra3 e5 1/2-1/2

[Event "ENCI Limburg-open A"]
[Site "Maastricht"]
[Date "2007.05.27"]
[Round "5"]
[White "Dobrev, Nanko"]
[Black "Pijpers, Arthur"]
[Result "1-0"]
[WhiteElo "2467"]
[BlackElo "1835"]
[PlyCount "41"]
[EventDate "2007.05.25"]
[EventType "swiss"]
[EventRounds "7"]
[EventCountry "NED"]
[Source "P.Boonen"]
[SourceDate "2010.01.01"]

1. d4 Nf6 2. Nf3 e6 3. c4 b6 4. a3 Bb7 5. Nc3 d5 6. Bg5 Be7 7. Bxf6 Bxf6 8.
cxd5 exd5 9. Qb3 O-O 10. Rd1 c6 11. g3 Qd6 12. Bg2 Nd7 13. O-O Rfe8 14. Rfe1
Rad8 15. e4 dxe4 16. Nxe4 Qc7 17. Qc2 Be7 18. d5 Nc5 19. Neg5 g6 20. b4 Nd7 21.
Rxe7 1-0